[Event "Championnat de France des Jeunes - Cade"]
[Site "LA ROCHE SUR YON"]
[Date "2008.04.26"]
[Round "8.6"]
[White "Andre, Pier-Gil"]
[Black "Sauvan, Olivier"]
[Result "0-1"]
[WhiteElo "1759"]
[BlackElo "1963"]
[Annotator "Salaun,Michel"]
[PlyCount "94"]
[EventDate "2008.04.27"]
[EventType "swiss"]
[EventRounds "9"]
[EventCountry "FRA"]

1. e4 d6 2. d4 Nf6 3. Nc3 Nbd7 4. f4 e5 5. Nf3 exd4 6. Qxd4 c6 7. Be3 d5 8.
exd5 Bc5 9. Qd3 Qe7 10. Nd4 Nb6 11. dxc6 bxc6 12. O-O-O Ba6 13. Qd2 Bxf1 14.
Rhxf1 Nc4 15. Rfe1 Nxd2 16. Bg1 Nde4 17. Nf5 Bxg1 18. Nxe7 Nxc3 19. bxc3 Kf8
20. Nxc6 Bc5 21. Re5 Ba3+ 22. Kb1 g6 23. Ra5 Be7 24. Re5 Re8 25. Nxa7 Rb8+ 26.
Ka1 Ng4 27. Rxe7 Kxe7 28. Nc6+ Kf6 29. Nxb8 Rxb8 30. a4 Ne3 31. Rd2 Ra8 32. Ka2
Rxa4+ 33. Kb3 Rxf4 34. g3 Re4 35. Rf2+ Ke6 36. Re2 f5 37. c4 Kd6 38. Rd2+ Kc6
39. Rd8 Rxc4 40. Rc8+ Kb5 41. Rb8+ Ka6 42. Ra8+ Kb7 43. Rh8 Rc7 44. c4 Nf1 45.
g4 fxg4 46. Rf8 Nxh2 47. Rf2 Nf3 0-1

[Event "Championnat de France des Jeunes - Mini"]
[Site "LA ROCHE SUR YON"]
[Date "2008.04.26"]
[Round "8.7"]
[White "Durot, Edwige"]
[Black "Auvray, Juliette"]
[Result "1-0"]
[WhiteElo "1757"]
[BlackElo "1890"]
[Annotator "Salaun,Michel"]
[PlyCount "77"]
[EventDate "2008.04.27"]
[EventType "swiss"]
[EventRounds "9"]
[EventCountry "FRA"]

1. e4 d5 2. exd5 Qxd5 3. Nc3 Qa5 4. d4 Nf6 5. Nf3 Nc6 6. Bb5 Ne4 7. Ne5 Nxc3 8.
Bxc6+ bxc6 9. Qd2 Qd5 10. Qxc3 Qxg2 11. Qxc6+ Qxc6 12. Nxc6 Bb7 13. d5 e6 14.
c4 Bxc6 15. dxc6 Bb4+ 16. Ke2 O-O-O 17. a3 Bd6 18. b4 Be5 19. Rb1 Rd6 20. b5
Bd4 21. Bf4 e5 22. Bg5 f6 23. Be3 Bxe3 24. fxe3 Rhd8 25. Rbd1 f5 26. Rhg1 g6
27. a4 f4 28. exf4 exf4 29. Rxd6 Rxd6 30. Kf3 Rd3+ 31. Kxf4 Rd4+ 32. Kg5 Rxc4
33. Rf1 Kd8 34. Rf7 Rc2 35. Rxh7 Rg2+ 36. Kf6 Rf2+ 37. Kxg6 Rf4 38. Rd7+ Kc8
39. Rf7 1-0

[Event "Championnat de France des Jeunes - Cade"]
[Site "LA ROCHE SUR YON"]
[Date "2008.04.26"]
[Round "8.7"]
[White "Levitt, Olivier"]
[Black "Fougerit, Valentin"]
[Result "0-1"]
[WhiteElo "2019"]
[BlackElo "2208"]
[Annotator "Salaun,Michel"]
[PlyCount "60"]
[EventDate "2008.04.27"]
[EventType "swiss"]
[EventRounds "9"]
[EventCountry "FRA"]

1. e4 e5 2. Nf3 d6 3. d4 exd4 4. Qxd4 a6 5. Bg5 Nc6 6. Bxd8 Nxd4 7. Nxd4 Kxd8
8. Bc4 Nh6 9. Nc3 c6 10. h3 Kc7 11. g4 b5 12. Be2 g6 13. a4 b4 14. Nd1 Bg7 15.
c3 Re8 16. f3 Rb8 17. Kf2 bxc3 18. bxc3 c5 19. Nc2 f5 20. exf5 gxf5 21. Nce3
Be6 22. gxf5 Nxf5 23. Nxf5 Bxf5 24. Ne3 Rb2 25. Rae1 Bd3 26. Nd5+ Kc6 27. Nf4
c4 28. Kf1 Bxc3 29. Rc1 Bxe2+ 30. Nxe2 Rexe2 0-1

[Event "Championnat de France des Jeunes - Mini"]
[Site "LA ROCHE SUR YON"]
[Date "2008.04.26"]
[Round "8.10"]
[White "Thuret, Marine"]
[Black "Dubois, Emmanuelle"]
[Result "1-0"]
[WhiteElo "1765"]
[BlackElo "1785"]
[Annotator "Salaun,Michel"]
[PlyCount "59"]
[EventDate "2008.04.27"]
[EventType "swiss"]
[EventRounds "9"]
[EventCountry "FRA"]

1. e4 c5 2. Nc3 Nc6 3. f4 e6 4. g3 Nge7 5. Bg2 d5 6. d3 d4 7. Nce2 g6 8. Nf3
Bg7 9. O-O O-O 10. h3 b6 11. g4 Bd7 12. Ng3 Qc7 13. a3 a5 14. Qe1 Rfe8 15. h4
f5 16. gxf5 exf5 17. e5 Be6 18. Ng5 Qd7 19. h5 h6 20. Nf3 Rac8 21. Kf2 Kf7 22.
Rh1 Rh8 23. Bh3 Rcg8 24. Qe2 b5 25. Bd2 c4 26. Rae1 Rc8 27. hxg6+ Nxg6 28. Nxf5
cxd3 29. cxd3 Rce8 30. Nd6+ 1-0

[Event "Championnat de France des Jeunes - Benj"]
[Site "LA ROCHE SUR YON"]
[Date "2008.04.26"]
[Round "8.8"]
[White "Stubbe, Alicia"]
[Black "Guo, Charlotte"]
[Result "0-1"]
[WhiteElo "1570"]
[BlackElo "1700"]
[Annotator "Salaun,Michel"]
[PlyCount "120"]
[EventDate "2008.04.27"]
[EventType "swiss"]
[EventRounds "9"]
[EventCountry "FRA"]

1. e4 e5 2. d4 exd4 3. Qxd4 Nc6 4. Qe3 Nf6 5. Nc3 Bb4 6. Bd2 d6 7. O-O-O Bc5 8.
Qg3 O-O 9. h4 Ng4 10. Nh3 Be6 11. f3 Ne3 12. Re1 Nxf1 13. Rexf1 Bc4 14. Bh6 Qf6
15. Bg5 Qg6 16. Nf4 Be3+ 17. Kd1 Bxf4 18. Qxf4 f6 19. h5 Qxg5 20. Qxg5 fxg5 21.
Re1 a6 22. b3 Be6 23. a3 g4 24. Nd5 Bxd5 25. exd5 Ne5 26. Rhf1 gxf3 27. gxf3
Rf5 28. f4 Raf8 29. Re3 Rxf4 30. Rxf4 Rxf4 31. Rc3 c6 32. dxc6 Nxc6 33. Rh3 Kf7
34. Ke2 d5 35. Rd3 Re4+ 36. Kf2 Re5 37. Rh3 d4 38. Kf3 Re3+ 39. Kg4 Rxh3 40.
Kxh3 Kf6 41. Kg4 Ne5+ 42. Kf4 g6 43. hxg6 hxg6 44. Ke4 Nc6 45. Kf4 g5+ 46. Kg4
Ne7 47. Kf3 Kf5 48. b4 g4+ 49. Ke2 Kf4 50. a4 g3 51. Kf1 Kf3 52. Kg1 g2 53. a5
Nd5 54. b5 axb5 55. c4 dxc3 56. a6 bxa6 57. Kh2 Kf2 58. Kh3 g1=Q 59. Kh4 Nf6
60. Kh3 Qg3# 0-1

[Event "Championnat de France des Jeunes - Cade"]
[Site "LA ROCHE SUR YON"]
[Date "2008.04.26"]
[Round "8.8"]
[White "Jouneau, Quentin"]
[Black "Casier, Remi"]
[Result "0-1"]
[WhiteElo "1977"]
[BlackElo "1938"]
[Annotator "Salaun,Michel"]
[PlyCount "124"]
[EventDate "2008.04.27"]
[EventType "swiss"]
[EventRounds "9"]
[EventCountry "FRA"]

1. e4 c5 2. Nf3 d6 3. d4 cxd4 4. Nxd4 Nf6 5. Nc3 a6 6. g3 e5 7. Nde2 Be7 8. Bg2
Nbd7 9. h3 h5 10. Be3 b6 11. Nd5 Bb7 12. Nec3 Rc8 13. Qd2 Nxd5 14. Nxd5 Bxd5
15. exd5 f5 16. f4 e4 17. O-O-O b5 18. g4 g6 19. Bd4 Bf6 20. g5 Bxd4 21. Qxd4
O-O 22. Rde1 Nc5 23. Kb1 Qc7 24. Qd1 Qg7 25. Bf1 Na4 26. Qc1 Qd4 27. Rd1 Qf2
28. Qd2 Qc5 29. Rh2 Rf7 30. Be2 Rfc7 31. c3 b4 32. c4 Rb8 33. Qc2 Qa5 34. Qb3
Rcb7 35. Ka1 Nc5 36. Qe3 b3 37. a3 Rb4 38. Qc3 Ra4 39. Qxa5 Rxa5 40. h4 Nd7 41.
Rc1 Rc5 42. Rh3 Rcc8 43. Rcc3 Nc5 44. Rhg3 a5 45. Kb1 Kg7 46. Kc1 Re8 47. Kd2
e3+ 48. Rgxe3 Ne4+ 49. Kd1 Nxc3+ 50. Rxc3 Re4 51. c5 Rd4+ 52. Rd3 dxc5 53. Kd2
Re8 54. Bf3 Rxf4 55. Rxb3 Rd4+ 56. Kc2 Rc4+ 57. Kd1 Rxh4 58. Rb7+ Kf8 59. Rb6
Rf4 60. Be2 Rd4+ 61. Ke1 Rde4 62. Rf6+ Kg7 0-1

[Event "Championnat de France des Jeunes - Benj"]
[Site "LA ROCHE SUR YON"]
[Date "2008.04.26"]
[Round "8.10"]
[White "Turquetille, Annabelle"]
[Black "Bogen, Fanny"]
[Result "1-0"]
[WhiteElo "1510"]
[BlackElo "1580"]
[Annotator "Salaun,Michel"]
[PlyCount "111"]
[EventDate "2008.04.27"]
[EventType "swiss"]
[EventRounds "9"]
[EventCountry "FRA"]

1. d4 Nf6 2. Nc3 e6 3. e4 Bb4 4. Bg5 h6 5. Bxf6 Qxf6 6. Qd2 Nc6 7. Nf3 Qg6 8.
e5 d6 9. O-O-O Ne7 10. Qd3 f5 11. Nb5 O-O 12. Nxc7 Rb8 13. Nb5 Rd8 14. exd6
Bxd6 15. Nxa7 Ra8 16. Nxc8 Rdxc8 17. Qb3 Ra7 18. Bc4 Rc6 19. Bxe6+ Kh8 20. Bd7
Rb6 21. Qc4 Qxg2 22. Ne5 Qxf2 23. Nf7+ Kh7 24. Nxd6 Rxd6 25. Ba4 Nd5 26. Rdf1
Qe3+ 27. Kb1 Nb6 28. Qc5 Re6 29. Qxf5+ Rg6 30. Bb3 Qg5 31. Qe4 Qg4 32. Qxg4
Rxg4 33. d5 Nc8 34. c4 Ra5 35. Kc2 Rc5 36. Kc3 Nd6 37. Bc2+ Kg8 38. b3 b5 39.
h3 Rh4 40. Kb4 Rxd5 41. Rd1 Rxd1 42. Rxd1 Ne4 43. Rd4 bxc4 44. Rxc4 Rxh3 45.
Rxe4 g5 46. a4 h5 47. a5 g4 48. a6 Rh2 49. a7 Rxc2 50. a8=Q+ Kf7 51. Qd5+ Kf8
52. Qf5+ Kg7 53. Rxg4+ hxg4 54. Qxc2 g3 55. Qg2 Kf6 56. Qxg3 1-0

[Event "Championnat de France des Jeunes - Benj"]
[Site "LA ROCHE SUR YON"]
[Date "2008.04.26"]
[Round "8.7"]
[White "Lenoel, Marine"]
[Black "Andre, Severine"]
[Result "1/2-1/2"]
[WhiteElo "1641"]
[BlackElo "1733"]
[Annotator "Salaun,Michel"]
[PlyCount "96"]
[EventDate "2008.04.27"]
[EventType "swiss"]
[EventRounds "9"]
[EventCountry "FRA"]

1. e4 d6 2. d4 Nf6 3. Nc3 e5 4. dxe5 dxe5 5. Qxd8+ Kxd8 6. Bd2 Be6 7. O-O-O Bd6
8. f3 Ke7 9. Bb5 a6 10. Ba4 b5 11. Bb3 Bxb3 12. axb3 h6 13. Nge2 Nbd7 14. Be3
Rhb8 15. Ng3 Bc5 16. Nf5+ Kf8 17. Bxc5+ Nxc5 18. Nd5 Ne8 19. Nb4 Nf6 20. Nd5
Ne8 21. g4 c6 22. Nb4 Rb6 23. h4 a5 24. Nd3 Nxd3+ 25. Rxd3 Rbb8 26. h5 Rd8 27.
Rhd1 Rxd3 28. Rxd3 Rc8 29. Rd7 Ra8 30. c3 a4 31. bxa4 bxa4 {(=)} 32. Rb7 f6 33.
Rb6 c5 34. Rb5 a3 35. bxa3 Rxa3 36. Rxc5 Kf7 37. Kb2 Ra6 38. Rd5 Ra7 39. Nd6+
Nxd6 40. Rxd6 Rb7+ 41. Kc2 Rc7 42. Kd3 Ke7 43. Rd5 Rb7 44. c4 Rb3+ 45. Ke2 Rc3
46. c5 Rc2+ 47. Kd3 Rc1 48. Kd2 Rc4 1/2-1/2

[Event "Championnat de France des Jeunes - Benj"]
[Site "LA ROCHE SUR YON"]
[Date "2008.04.26"]
[Round "8.9"]
[White "Pivard, Elsa"]
[Black "Roger, Juliette"]
[Result "1/2-1/2"]
[WhiteElo "1620"]
[BlackElo "1460"]
[Annotator "Salaun,Michel"]
[PlyCount "81"]
[EventDate "2008.04.27"]
[EventType "swiss"]
[EventRounds "9"]
[EventCountry "FRA"]

1. e4 c5 2. Nf3 Nc6 3. Bc4 g6 4. Nc3 Bg7 5. d3 d6 6. Bf4 Nf6 7. Qd2 O-O 8. Bh6
a6 9. Bxg7 Kxg7 10. Nd5 e6 11. Nxf6 Qxf6 12. Qc3 Qxc3+ 13. bxc3 b5 14. Bb3 Rd8
15. c4 b4 16. O-O-O a5 17. Ba4 Bd7 18. Rhe1 h6 19. Bxc6 Bxc6 20. Kb2 d5 21.
exd5 exd5 22. Ne5 Bb7 23. cxd5 Bxd5 24. Nc4 Bxg2 25. Re5 Bd5 26. Nb6 Bf3 27.
Rde1 Rab8 28. Na4 Rd5 29. Rxd5 Bxd5 30. Nxc5 Rc8 31. Na4 Bc6 32. Nb6 Rc7 33.
Nc4 a4 34. a3 bxa3+ 35. Kxa3 Bd5 36. Nb6 Be6 37. c4 Rc6 38. Nxa4 Bxc4 39. dxc4
Rxc4 40. Kb3 Rf4 41. Re2 {(=)} 1/2-1/2

[Event "Championnat de France des Jeunes - Mini"]
[Site "LA ROCHE SUR YON"]
[Date "2008.04.26"]
[Round "7.10"]
[White "Billon, Olivier"]
[Black "Iwanesko, Alexandre"]
[Result "0-1"]
[WhiteElo "1988"]
[BlackElo "2060"]
[Annotator "Salaun,Michel"]
[PlyCount "80"]
[EventDate "2008.04.27"]
[EventType "swiss"]
[EventRounds "9"]
[EventCountry "FRA"]

1. e4 c5 2. Nf3 e6 3. d4 cxd4 4. Nxd4 a6 5. Nc3 Qc7 6. Bd3 Nf6 7. O-O b5 8. Be3
Bb7 9. f3 b4 10. Na4 d5 11. exd5 Nxd5 12. Bf2 Bd6 13. g3 Nd7 14. Qe2 O-O 15. c4
bxc3 16. Nxc3 Nxc3 17. bxc3 Nf6 18. c4 Rfd8 19. Nb3 a5 20. Rab1 a4 21. Nd2 Rac8
22. Rfc1 Bc5 23. Ne4 Nxe4 24. Bxe4 Bxe4 25. fxe4 Bxf2+ 26. Qxf2 e5 27. Qb6 Qd7
28. Rd1 Qxd1+ 29. Rxd1 Rxd1+ 30. Kg2 Rc1 31. Qb2 R1xc4 32. Qxe5 Rc2+ 33. Kh3
Rxa2 34. Qb5 h5 35. Qd7 Rcc2 36. Kh4 Rxh2+ 37. Kg5 Raf2 38. e5 Kh7 39. Qd3+ g6
40. g4 Rhg2 0-1

[Event "Championnat de France des Jeunes - Benj"]
[Site "LA ROCHE SUR YON"]
[Date "2008.04.26"]
[Round "8.6"]
[White "Alonso, Audrey"]
[Black "Monpeurt, Cyrielle"]
[Result "1-0"]
[WhiteElo "1530"]
[BlackElo "1734"]
[Annotator "Salaun,Michel"]
[PlyCount "71"]
[EventDate "2008.04.27"]
[EventType "swiss"]
[EventRounds "9"]
[EventCountry "FRA"]

1. e4 e5 2. Nf3 Nc6 3. Bb5 a6 4. Bxc6 dxc6 5. Nc3 Bg4 6. h3 Bxf3 7. Qxf3 Bc5 8.
d3 h6 9. Be3 Bd6 10. O-O-O Qe7 11. d4 O-O-O 12. dxe5 Bxe5 13. Rxd8+ Kxd8 14.
Qg4 Nf6 15. Rd1+ Nd7 16. Na4 Kc8 17. f4 Bd6 18. e5 Bb4 19. c3 Ba5 20. b4 Bxb4
21. cxb4 Rd8 22. Nc5 b6 23. Nxd7 Rxd7 24. Rxd7 Qxd7 25. Qxd7+ Kxd7 26. f5 Ke7
27. Kd2 Kd7 28. Kd3 Ke7 29. g4 Kd7 30. g5 h5 31. Ke4 Ke7 32. f6+ gxf6 33. exf6+
Ke6 34. Kf4 b5 35. Bd4 h4 36. Kg4 1-0

[Event "Championnat de France des Jeunes - Cade"]
[Site "LA ROCHE SUR YON"]
[Date "2008.04.26"]
[Round "8.10"]
[White "Bressac, Stephane"]
[Black "Scalia, Jerome"]
[Result "1-0"]
[WhiteElo "2028"]
[BlackElo "1883"]
[Annotator "Salaun,Michel"]
[PlyCount "55"]
[EventDate "2008.04.27"]
[EventType "swiss"]
[EventRounds "9"]
[EventCountry "FRA"]

1. e4 c5 2. Nf3 d6 3. d4 cxd4 4. Nxd4 Nf6 5. Nc3 g6 6. Be3 Bg7 7. f3 Nc6 8. Bc4
Bd7 9. Bb3 O-O 10. Qd2 Rc8 11. h4 Qa5 12. h5 Nxh5 13. g4 Nxd4 14. Bxd4 Bxd4 15.
Qxd4 Nf6 16. O-O-O Qg5+ 17. Kb1 Be6 18. Qf2 Kg7 19. Qh2 Rh8 20. f4 Qc5 21. Qh6+
Kg8 22. g5 Nh5 23. f5 Bxb3 24. axb3 Qe5 25. Rxh5 gxh5 26. f6 exf6 27. gxf6 Qg3
28. Nd5 1-0

[Event "Championnat de France des Jeunes - Cade"]
[Site "LA ROCHE SUR YON"]
[Date "2008.04.26"]
[Round "8.9"]
[White "Lepigoche, Cyril"]
[Black "Li, Frederic"]
[Result "0-1"]
[WhiteElo "1879"]
[BlackElo "2176"]
[Annotator "Salaun,Michel"]
[PlyCount "48"]
[EventDate "2008.04.27"]
[EventType "swiss"]
[EventRounds "9"]
[EventCountry "FRA"]

1. c4 Nf6 2. g3 g6 3. Bg2 Bg7 4. e3 c6 5. Ne2 d5 6. cxd5 cxd5 7. d4 O-O 8. O-O
Nc6 9. Nbc3 b6 10. b3 Ba6 11. Ba3 Qd7 12. Qd2 Rfc8 13. Rfc1 e6 14. Rc2 Ne7 15.
Rac1 Nf5 16. Bh3 Nd6 17. Bf1 Bf8 18. Qe1 Bd3 19. Rb2 Bf5 20. Nb1 Nfe4 21. f3
Ng5 22. Bg2 Rxc1 23. Nxc1 Bh3 24. Bxh3 Nxf3+ 0-1

[Event "Championnat de France des Jeunes - Pupi"]
[Site "LA ROCHE SUR YON"]
[Date "2008.04.26"]
[Round "8.8"]
[White "Khan, Arooj"]
[Black "Nolot, Clementine"]
[Result "0-1"]
[WhiteElo "1400"]
[BlackElo "1590"]
[Annotator "Salaun,Michel"]
[PlyCount "128"]
[EventDate "2008.04.27"]
[EventType "swiss"]
[EventRounds "9"]
[EventCountry "FRA"]

1. e4 e5 2. Nf3 Nc6 3. Nc3 Nf6 4. Bb5 Bb4 5. d3 d6 6. Bg5 O-O 7. O-O Bxc3 8.
bxc3 Qe7 9. Bc4 Be6 10. Bb3 Qe8 11. d4 Bxb3 12. axb3 Nxe4 13. Qd3 f5 14. Qc4+
Qf7 15. Qd3 a6 16. Rfe1 Rae8 17. Ra4 exd4 18. Bd2 dxc3 19. Bxc3 Nxc3 20. Qxc3
Rxe1+ 21. Nxe1 Re8 22. Ra1 Qe6 23. Nf3 Re7 24. Ng5 Qe5 25. Qc4+ d5 26. Qf1 Qe2
27. Qxe2 Rxe2 28. Rc1 {(=)} Nd4 29. Kf1 Rxc2 30. Re1 Kf8 31. Nxh7+ Kf7 32. Ng5+
Kg6 33. f4 c5 34. Rb1 a5 35. Re1 Nxb3 36. Re6+ Kh5 37. h3 Nd4 38. g4+ fxg4 39.
hxg4+ Kxg4 40. Rg6 Kxf4 41. Nh3+ Ke4 42. Rg4+ Kd3 43. Nf4+ Kc4 44. Ng2 Kb3 45.
Rg3+ Rc3 46. Rxg7 b5 47. Rg5 Kc4 48. Nf4 a4 49. Nxd5 Rc1+ 50. Kf2 Rc2+ 51. Ke3
Re2+ 52. Kf4 Ne6+ 53. Kf3 Nxg5+ 54. Kxe2 Kxd5 55. Kd3 c4+ 56. Kc3 Kc5 57. Kb2
b4 58. Ka2 c3 59. Kb1 b3 60. Ka1 Kb4 61. Kb1 Ka3 62. Ka1 b2+ 63. Kb1 c2+ 64.
Kxc2 Ka2 0-1

[Event "Championnat de France des Jeunes - Pupi"]
[Site "LA ROCHE SUR YON"]
[Date "2008.04.26"]
[Round "8.9"]
[White "Kancel, Sarah"]
[Black "Abidi, Hasma"]
[Result "1/2-1/2"]
[WhiteElo "1530"]
[BlackElo "1310"]
[Annotator "Salaun,Michel"]
[PlyCount "100"]
[EventDate "2008.04.27"]
[EventType "swiss"]
[EventRounds "9"]
[EventCountry "FRA"]

1. e4 e6 2. d4 d5 3. exd5 exd5 4. Nc3 Nf6 5. Nf3 Bb4 6. Bd3 O-O 7. O-O c5 8.
dxc5 Bxc5 9. Bg5 d4 10. Ne4 Be7 11. Nxf6+ Bxf6 12. Bxf6 Qxf6 13. Re1 Bg4 14.
Be4 Nc6 15. h3 Bxf3 16. Bxf3 Rac8 17. Qd2 b6 18. Bg4 Rc7 19. a3 Rd8 20. Qe2 h6
21. Bf3 Qe7 22. Bxc6 Qxe2 23. Rxe2 Rxc6 24. Rd2 Rcd6 25. Rad1 Kf8 26. Kf1 Ke7
27. Re2+ Kd7 28. Rd3 Kc6 29. Re7 R6d7 30. Rxd7 Rxd7 31. Ke2 Kd5 32. Kf3 Rc7 33.
c3 Rc4 34. Ke2 Ke5 35. Kd2 dxc3+ 36. Rxc3 Rxc3 37. Kxc3 a6 38. a4 a5 39. Kc4
Kd6 40. b4 axb4 41. Kxb4 f6 42. f3 h5 43. h4 g5 44. g3 gxh4 45. gxh4 f5 46. Kb5
Kc7 47. f4 Kb7 48. Kb4 Kc6 49. Kc4 Kd6 50. Kb5 Kc7 1/2-1/2

[Event "Championnat de France des Jeunes - Pupi"]
[Site "LA ROCHE SUR YON"]
[Date "2008.04.26"]
[Round "8.6"]
[White "Hild, Aurelia"]
[Black "Pouillart, Cecile"]
[Result "0-1"]
[WhiteElo "1370"]
[BlackElo "1640"]
[Annotator "Salaun,Michel"]
[PlyCount "86"]
[EventDate "2008.04.27"]
[EventType "swiss"]
[EventRounds "9"]
[EventCountry "FRA"]

1. e4 e5 2. Nf3 Nc6 3. Bc4 Bc5 4. d3 d6 5. c3 a6 6. Bb3 Ba7 7. Qe2 Nf6 8. Nbd2
Ne7 9. Nf1 Ng6 10. Ng3 Be6 11. O-O O-O 12. h3 Nd7 13. Ng5 Bxb3 14. axb3 Nf4 15.
Qg4 Nf6 16. Qf3 h6 17. Bxf4 exf4 18. Qxf4 hxg5 19. Qxg5 Nd7 20. Qg4 Ne5 21. Qe2
d5 22. d4 Ng6 23. f4 dxe4 24. Qxe4 Qe7 25. Qxb7 Rfb8 26. Qc6 Qe3+ 27. Kh2 Qd2
28. Rg1 Qxb2 29. Rxa6 Qxb3 30. Qxc7 {(=)} Bb6 31. Qd6 Bc7 32. Qc6 Rxa6 33. Qxa6
Bxf4 34. Qc6 Qc2 35. Qf3 Rc8 36. Re1 Nh4 37. Qf1 Rxc3 38. Re2 Bxg3+ 39. Kh1
Qxe2 40. Qg1 Rd3 41. d5 Rd1 42. d6 Rxg1+ 43. Kxg1 Qe1# 0-1

[Event "Championnat de France des Jeunes - Pupi"]
[Site "LA ROCHE SUR YON"]
[Date "2008.04.26"]
[Round "8.7"]
[White "Dol, Cecile"]
[Black "Vignette, Jeanne"]
[Result "1/2-1/2"]
[WhiteElo "1630"]
[BlackElo "1540"]
[Annotator "Salaun,Michel"]
[PlyCount "67"]
[EventDate "2008.04.27"]
[EventType "swiss"]
[EventRounds "9"]
[EventCountry "FRA"]

1. e4 e5 2. d4 exd4 3. c3 Nc6 4. cxd4 Bb4+ 5. Nc3 Nf6 6. Bg5 h6 7. Bxf6 Qxf6 8.
e5 Qf4 9. Nf3 O-O 10. Be2 d6 11. exd6 Bxd6 12. h3 Qf6 13. O-O b6 14. Re1 Bb7
15. Ne4 Qe7 16. Nxd6 Qxd6 17. Qd2 Rad8 18. Rad1 Rfe8 19. Qd3 Nb4 20. Qb3 Bd5
21. Bc4 Rxe1+ 22. Rxe1 a5 23. Bxd5 Qxd5 24. Qxd5 Rxd5 25. a3 Nc6 26. Rd1 Ne7
27. Rc1 c5 28. dxc5 bxc5 29. Re1 Nc6 30. Re8+ Kh7 31. Rc8 Nd4 32. Nxd4 cxd4 33.
Rc2 Kg6 34. Kf1 {(=)} 1/2-1/2

[Event "Championnat de France des Jeunes - Pupi"]
[Site "LA ROCHE SUR YON"]
[Date "2008.04.26"]
[Round "8.10"]
[White "Finkel, Anne-Sophie"]
[Black "Susini, Lisa"]
[Result "0-1"]
[WhiteElo "1280"]
[BlackElo "1520"]
[Annotator "Salaun,Michel"]
[PlyCount "178"]
[EventDate "2008.04.27"]
[EventType "swiss"]
[EventRounds "9"]
[EventCountry "FRA"]

1. e4 e5 2. Nf3 Nc6 3. c3 Nf6 4. d4 exd4 5. e5 Qe7 6. Qe2 Nd5 7. cxd4 Qb4+ 8.
Qd2 Qxd2+ 9. Bxd2 d6 10. Bb5 Bd7 11. Nc3 Ndb4 12. Rc1 a6 13. Be2 Be6 14. a3 Nd5
15. Nxd5 Bxd5 16. O-O O-O-O 17. Bc3 Re8 18. Rfd1 dxe5 19. Nxe5 Bd6 20. Bc4 Bxc4
21. Nxc4 Bf4 22. Rc2 f6 23. g3 Bd6 24. Nxd6+ cxd6 25. d5 Ne7 26. Bxf6+ Kb8 27.
Bxg7 Rhg8 28. Bf6 Nf5 29. Rdc1 Rgf8 30. Bg5 Re5 31. g4 Ng7 32. Bh6 Re4 33. h3
Re7 34. f4 Rg8 35. f5 Ne8 36. Rc8+ Ka7 37. Kf2 Kb6 38. Be3+ Kb5 39. a4+ Kb4 40.
Bd2+ Kb3 41. R8c4 Nf6 42. R1c3+ Ka2 43. Ra3+ Kb1 44. Rc1+ Kxb2 45. Raa1 Rge8
46. Bc3+ Kb3 47. Rab1+ Ka3 48. Rb2 Ne4+ 49. Kf1 Nxc3 50. Rbc2 Nxa4 51. Ra1+ Kb3
52. Rcc1 Re2 53. Re1 Rxe1+ 54. Rxe1 Rxe1+ 55. Kxe1 Nc5 56. g5 Nd7 57. g6 Nf6
58. Kd1 Kb2 59. gxh7 Nxh7 60. Ke2 a5 61. h4 a4 62. Kf3 a3 63. Kf4 a2 64. f6
Nxf6 65. Kg5 a1=Q 66. Kxf6 Qg1 67. h5 Qd4+ 68. Kf5 Qxd5+ 69. Kg4 Qxh5+ 70. Kxh5
Kc3 71. Kg4 b5 72. Kf3 b4 73. Ke2 Kc2 74. Ke3 b3 75. Kd4 b2 76. Kd5 b1=Q 77.
Kxd6 Qb5 78. Ke6 Qc5 79. Kf6 Qd5 80. Ke7 Qc6 81. Kf7 Qd6 82. Kg7 Qe6 83. Kf8
Qd7 84. Kg8 Qe7 85. Kh8 Kd3 86. Kg8 Ke4 87. Kh8 Kf5 88. Kg8 Kg6 89. Kh8 Qg7#
0-1

[Event "Championnat de France des Jeunes - Pupi"]
[Site "LA ROCHE SUR YON"]
[Date "2008.04.26"]
[Round "8.7"]
[White "Bordais, Benjamin"]
[Black "Rouffignac, Tanguy"]
[Result "1/2-1/2"]
[WhiteElo "1770"]
[BlackElo "1626"]
[Annotator "Salaun,Michel"]
[PlyCount "145"]
[EventDate "2008.04.27"]
[EventType "swiss"]
[EventRounds "9"]
[EventCountry "FRA"]

1. e4 e5 2. Nf3 Nc6 3. Bc4 Bc5 4. c3 Nf6 5. d3 d6 6. Bb3 h6 7. Nbd2 O-O 8. O-O
Bg4 9. h3 Bh5 10. Re1 Qd7 11. Nf1 Rfe8 12. Be3 Bb6 13. Bxb6 axb6 14. Ne3 Ne7
15. Nc2 Bg6 16. Nh4 Bh7 17. Nf3 Ng6 18. Ne3 Nf4 19. Bc2 d5 20. exd5 N6xd5 21.
Nxd5 Qxd5 22. Bb3 Qd6 23. d4 exd4 24. Nxd4 Rxe1+ 25. Qxe1 Qg6 26. g3 Nxh3+ 27.
Kh2 Ng5 28. Qe2 Qf6 29. Re1 Bg6 30. f4 Ne6 31. Nxe6 fxe6 32. Bxe6+ Kh7 33. Qf3
Re8 34. f5 Bf7 35. Qxb7 Bxe6 36. Rxe6 Rxe6 37. fxe6 Qxe6 38. Qa6 Qf5 39. Qe2
Qc5 40. a3 Qd6 41. c4 c5 42. Qc2+ Kh8 43. Qc3 Qe7 44. Qd3 Qf8 45. Kg2 Qf6 46.
Qb3 Qc6+ 47. Kf2 Qf6+ 48. Ke2 Qe5+ 49. Kd2 Qd4+ 50. Kc1 Qg1+ 51. Kc2 Qf2+ 52.
Kb1 Qf6 53. Ka2 Qe6 54. a4 Qd6 55. Qc3 Qc6 56. Ka3 Qe6 57. b4 cxb4+ 58. Kxb4
Qf5 59. Qb3 Qc5+ 60. Kc3 Qe3+ 61. Kb2 Qd2+ 62. Ka3 Qd6+ 63. Ka2 Qd2+ 64. Qb2
Qd1 65. Qb3 Qd2+ 66. Ka3 Qd6+ 67. Kb2 Qd2+ 68. Qc2 Qd4+ 69. Kb3 Qe3+ 70. Qc3
Qe4 71. Kb4 Qb1+ 72. Ka3 Qf5 73. Qe3 1/2-1/2

[Event "Championnat de France des Jeunes - Pupi"]
[Site "LA ROCHE SUR YON"]
[Date "2008.04.26"]
[Round "8.6"]
[White "Mirimanian, Haik"]
[Black "Bruez, Cyriaque"]
[Result "0-1"]
[WhiteElo "1832"]
[BlackElo "1627"]
[Annotator "Salaun,Michel"]
[PlyCount "108"]
[EventDate "2008.04.27"]
[EventType "swiss"]
[EventRounds "9"]
[EventCountry "FRA"]

1. d4 Nf6 2. Nf3 g6 3. b3 d5 4. Bb2 Bg7 5. Nbd2 Nc6 6. e3 e6 7. Be2 Bd7 8. Ba3
a6 9. c4 Rc8 10. Rc1 Ng8 11. O-O Nge7 12. Bb2 Na7 13. b4 b5 14. cxd5 exd5 15.
Nb3 Nac6 16. Nc5 Ra8 17. a3 Ra7 18. Ne5 Nb8 19. Bf3 c6 20. Ncxd7 Nxd7 21. Nxc6
Nxc6 22. Rxc6 Nb6 23. Rc2 Nc4 24. Be2 O-O 25. Bxc4 bxc4 26. Bc3 Qd7 27. Re1 Re8
28. Rce2 f5 29. f3 Qc6 30. Qc2 Rae7 31. Kf2 Bf6 32. Bd2 Re6 33. g3 R6e7 34. Kg2
Bxd4 35. Bc1 Bg7 36. Bb2 c3 37. Ba1 Qc4 38. Kf1 Rxe3 39. Kf2 Rxe2+ 40. Rxe2
Rxe2+ 41. Qxe2 Qxe2+ 42. Kxe2 c2 43. Kd2 Bxa1 44. Kxc2 Bd4 45. Kd3 Bg1 46. h3
Kf7 47. a4 Ke6 48. b5 axb5 49. axb5 Kd6 50. g4 fxg4 51. fxg4 Kc5 52. h4 Kxb5
53. h5 gxh5 54. gxh5 Kc5 0-1

[Event "Championnat de France des Jeunes - Pupi"]
[Site "LA ROCHE SUR YON"]
[Date "2008.04.26"]
[Round "8.9"]
[White "Messinger, Karl"]
[Black "Balagny-Carbuccia, Nicolas"]
[Result "1/2-1/2"]
[WhiteElo "1715"]
[BlackElo "1810"]
[Annotator "Salaun,Michel"]
[PlyCount "99"]
[EventDate "2008.04.27"]
[EventType "swiss"]
[EventRounds "9"]
[EventCountry "FRA"]

1. e4 c5 2. Nf3 e6 3. d4 cxd4 4. Nxd4 Nc6 5. Nc3 Nf6 6. Be2 Bb4 7. Nxc6 bxc6 8.
Bg5 Be7 9. Bxf6 Bxf6 10. O-O Rb8 11. Rb1 Bxc3 12. bxc3 Rxb1 13. Qxb1 O-O 14.
Qb4 Qc7 15. Rb1 c5 16. Qc4 Bb7 17. Bf3 d6 18. h3 Rd8 19. Qb3 Bc6 20. c4 h6 21.
Rd1 Qb7 22. Qxb7 Bxb7 23. Rb1 Ba6 24. Be2 d5 25. Rd1 d4 26. Rb1 f6 27. Rb3 Rd7
28. Ra3 Bc8 29. Ra5 Rc7 30. f4 g5 31. g3 Kg7 32. Kf2 Kg6 33. Bd3 h5 34. h4 g4
35. Ke2 e5 36. f5+ Kf7 37. Kd2 Ke7 38. Kc1 Kd6 39. Kb2 Kc6 40. Ra3 Rb7+ 41. Rb3
Rxb3+ 42. cxb3 Kb6 43. a3 Bd7 44. Bc2 Bc6 45. a4 Ka5 46. Ka3 Bb7 47. Bd3 Bc6
48. Bc2 Kb6 49. Bd3 a5 50. Bc2 1/2-1/2